000
00345 a2200157 4500
001
192777
020
_a
85-260-0595-2
040
_c
Magnum
100
_a
Gregório Filho, Francisco
240
1
0
_a
Lembranças amorosas
_l
por
245
1
0
_a
Lembranças amorosas
300
_a
68
362
0
_a
2000
697
_a
LITERATURA JUVENIL
942
_c
BK
999
_c
192777
_d
192777